000
00206 a2200097 4500
020
_a
9780446617796
041
_a
eng
100
_a
James Patterson
245
_a
Maximun the angel experiment Ride
942
_c
BK
999
_c
30569
_d
30567